| 000 -LEADER |
| fixed length control field |
01113nam a2200229Ia 4500 |
| 001 - CONTROL NUMBER |
| control field |
11731 |
| 003 - CONTROL NUMBER IDENTIFIER |
| control field |
GE_BSU |
| 008 - FIXED-LENGTH DATA ELEMENTS--GENERAL INFORMATION |
| fixed length control field |
181216s||||||||xx |||||||||||||| ||und|| |
| 040 ## - CATALOGING SOURCE |
| Transcribing agency |
GE_BSU |
| 080 ## - UNIVERSAL DECIMAL CLASSIFICATION NUMBER |
| Universal Decimal Classification number |
37.01+821.161.1-32+821.161.1-2 |
| 100 ## - MAIN ENTRY--PERSONAL NAME |
| Personal name |
მაკარენკო,ა.ს. Макаренко,А.С. |
| 245 ## - TITLE STATEMENT |
| Title |
თხზულებანი შვიდ ტომად.ტ.2. 30წლის მარში.მოთხრობა;ფდ-1-მოთხრობა;მაჟორი-პიესა. |
| 245 ## - TITLE STATEMENT |
| Remainder of title |
Сочиненя в семи томах.Т.2. |
| 260 ## - PUBLICATION, DISTRIBUTION, ETC. |
| Place of publication, distribution, etc. |
თბილისი |
| 260 ## - PUBLICATION, DISTRIBUTION, ETC. |
| Name of publisher, distributor, etc. |
ცოდნა |
| 260 ## - PUBLICATION, DISTRIBUTION, ETC. |
| Date of publication, distribution, etc. |
1959 |
| 300 ## - PHYSICAL DESCRIPTION |
| Extent |
572გვ;22სმ. |
| 300 ## - PHYSICAL DESCRIPTION |
| Other physical details |
საგანთა და პერს.საძ.გვ:555-564 |
| 520 ## - SUMMARY, ETC. |
| Summary, etc. |
ფ.ე.ძერჟინსკის სახ.კომუნის ისტორია. |
| 653 ## - INDEX TERM--UNCONTROLLED |
| Uncontrolled term |
თხზულებანი შვიდ ტომად.ტ.2. 30წლის მარში.მოთხრობა;ფდ-1-მოთხრობა;მაჟორი-პიესა. |
| 942 ## - ADDED ENTRY ELEMENTS (KOHA) |
| Koha item type |
წიგნი |